Statistical mechanics: an elementary outline (Record no. 19293)

MARC details
000 -LEADER
fixed length control field 01242nam a2200253Ia 4500
003 - CONTROL NUMBER IDENTIFIER
control field OSt
005 - DATE AND TIME OF LATEST TRANSACTION
control field 20260420115416.0
008 - FIXED-LENGTH DATA ELEMENTS--GENERAL INFORMATION
fixed length control field 220909b |||||||| |||| 00| 0 eng d
020 ## - INTERNATIONAL STANDARD BOOK NUMBER
International Standard Book Number 8173714088
037 ## - SOURCE OF ACQUISITION
Terms of availability Textbook
040 ## - CATALOGING SOURCE
Original cataloging agency CSL
Language of cataloging eng
Transcribing agency CSL
041 ## - LANGUAGE CODE
Language code of text/sound track or separate title eng
084 ## - COLON CLASSIFICATION NUMBER
Classification number CN1 P2 TC
Assigning agency CSL
100 ## - MAIN ENTRY--PERSONAL NAME
Personal name Lahiri, Avijit
9 (RLIN) 1230904
245 #0 - TITLE STATEMENT
Title Statistical mechanics: an elementary outline
260 ## - PUBLICATION, DISTRIBUTION, ETC.
Place of publication, distribution, etc. Hyderabad,
Name of publisher, distributor, etc. University Press:
Date of publication, distribution, etc. 2002.
300 ## - PHYSICAL DESCRIPTION
Extent ix, 283p.
Other physical details : ill.
500 ## - GENERAL NOTE
General note Index 278-283p.
520 ## - SUMMARY, ETC.
Summary, etc. This is a basic, introductory-level textbook on ‘Statistical Mechanics’ aimed at enabling the student to understand the basics of the subject. Statistical mechanics is basically applied quantum mechanics, involving situations where the wave functions of systems under consideration are incompletely known, necessitating the introduction of ensembles and probabilities. The subject forms a part of graduate and postgraduate level curriculum in physics and related subjects like chemistry.
650 ## - SUBJECT ADDED ENTRY--TOPICAL TERM
Topical term or geographic name entry element Statistical mechancis
9 (RLIN) 1235156
650 ## - SUBJECT ADDED ENTRY--TOPICAL TERM
Topical term or geographic name entry element Physics
942 ## - ADDED ENTRY ELEMENTS (KOHA)
Classification part CN1 P2 TC
Koha item type Textbook
Source of classification or shelving scheme Colon Classification (CC)
Holdings
Withdrawn status Lost status Source of classification or shelving scheme Damaged status Not for loan Home library Current library Date acquired Source of acquisition Cost, normal purchase price Total Checkouts Full call number Barcode Date last seen Cost, replacement price Price effective from Koha item type
    Colon Classification (CC)     Central Science Library Central Science Library 2022-09-12 180, 17/03/2008, Dhanraj Book House 250.00   CN1 P2 TC SL1381196 2022-09-12 250.00 2022-09-12 Textbook
Copyright @ Delhi University Library System